000 00609nam a2200181Ia 4500
005 20250923144955.0
008 008 250917s9999 xx 000 0 eng d
037 _aTextual
040 _aDSWL
_beng
_cDSWL
041 _aeng
_2eng
084 _aY9(L:41).251' N6t4, N67
_qDSWL
100 _aMalik, Anjali
_9830441
245 0 _aInterpersonal relationips in the professional setting : Study of two hospital in Delhi
_cby Anjali Malik
260 _aDelhi
_b University, -7
_c1967
300 _a60 p.
942 _cTEXL
_hY9(L:41).251' N6t4, N67
999 _c1445550
_d1445550